Introduction to health and safety at work (Record no. 112630)
[ view plain ]
| 000 -LEADER | |
|---|---|
| fixed length control field | 03362cad a22002895a 4500 |
| 001 - CONTROL NUMBER | |
| control field | L153650 |
| 008 - FIXED-LENGTH DATA ELEMENTS--GENERAL INFORMATION | |
| fixed length control field | 101111s2011 xxk af 001 0 eng d |
| 020 ## - INTERNATIONAL STANDARD BOOK NUMBER | |
| International Standard Book Number | 9780080970714 |
| 035 ## - SYSTEM CONTROL NUMBER | |
| System control number | (Sirsi) u153650 |
| 041 0# - LANGUAGE CODE | |
| Language code of text/sound track or separate title | eng |
| 050 04 - LIBRARY OF CONGRESS CALL NUMBER | |
| Classification number | 344.410465 $2 18 |
| 100 1# - MAIN ENTRY--PERSONAL NAME | |
| Personal name | Hughes, Phil |
| 245 00 - TITLE STATEMENT | |
| Title | Introduction to health and safety at work |
| Medium | [electronic resource] |
| 250 ## - EDITION STATEMENT | |
| Edition statement | 5th ed. |
| 260 ## - PUBLICATION, DISTRIBUTION, ETC. | |
| Place of publication, distribution, etc. | London |
| Name of publisher, distributor, etc. | Butterworth-Heinemann |
| Date of publication, distribution, etc. | 2011 |
| 300 ## - PHYSICAL DESCRIPTION | |
| Extent | eBook |
| 505 2# - FORMATTED CONTENTS NOTE | |
| Formatted contents note | Health and safety foundations -- Policy -- Organizing for health and safety -- Promoting a positive health and safety culture -- Risk assessment -- Principles of control -- Monitoring, review and audit -- Incident and accident investigation and reporting -- Movement of people and vehicles: hazards and control -- Manual and mechanical handling hazards and control -- Work equipment hazards and control -- Electrical hazards and control -- Hazards and control -- Chemical and biological health hazards and control -- Physical and psychological health hazards and control -- Construction activities: hazards and control -- Summary of the main legal requirements -- International aspects of health and safety -- Study skills -- Specimen answers to NEBOSH examinations |
| 520 ## - SUMMARY, ETC. | |
| Summary, etc. | This eBook has been developed for the NEBOSH National General Certificate in Occupational Safety and Health. Each element of the syllabus has a dedicated chapter and both taught units are covered in this book. A chapter on international aspects also makes this book suitable for the NEBOSH International General Certificate in Occupational Safety and Health. Previous editions of this book have been used for other NVQ level 3 and 4 courses in health and safety. Full colour pages and hundreds of illustrations bring health and safety to life. To make studying easier, each chapter starts with learning outcome summaries and ends with questions taken from recent NEBOSH examinations. Specimen answers and a study skills chapter aid exam preparation. As an introduction to all areas of occupational safety and health the book acts as a practical reference for managers and directors with health and safety responsibilities, and safety representatives. It covers the essential elements of health and safety management, the legal framework, risk assessment and control standards and includes handy forms and checklists. The following are new in this edition: updated throughout in line with changes in the regulations; learning outcomes now included at the beginning of each chapter; companion website with downloadable health and safety forms; endorsed by NEBOSH; student-friendly presentation in full colour, packed with illustrations and photographs; and, revision questions and sample answers taken from recent NEBOSH examinations to test your knowledge. This title includes a summary of the main legal requirements, ideal for both students and managers. A free companion website is also available. This title features editable health and safety forms and selected appendices sections in electronic format. |
| 521 2# - TARGET AUDIENCE NOTE | |
| Target audience note | Introductory |
| 590 ## - LOCAL NOTE (RLIN) | |
| Local note | KA |
| 650 24 - SUBJECT ADDED ENTRY--TOPICAL TERM | |
| Topical term or geographic name entry element | EBOOK |
| 651 #4 - SUBJECT ADDED ENTRY--GEOGRAPHIC NAME | |
| Geographic name | United Kingdom |
| Chronological subdivision | |
| 690 ## - LOCAL SUBJECT ADDED ENTRY--TOPICAL TERM (OCLC, RLIN) | |
| Topical term or geographic name as entry element | MANAGEMENT-HEALTH AND SAFETY |
| 700 1# - ADDED ENTRY--PERSONAL NAME | |
| Personal name | Ferrett, Ed |
| 856 48 - ELECTRONIC LOCATION AND ACCESS | |
| Uniform Resource Identifier | <a href="https://www.vlebooks.com/">https://www.vlebooks.com/</a> |
| Public note | View on VLEbooks. Logins for members only from [email protected] |
| 942 ## - ADDED ENTRY ELEMENTS (KOHA) | |
| Suppress in OPAC | 0 |
| Withdrawn status | Lost status | Source of classification or shelving scheme | Damaged status | Not for loan | Home library | Current library | Shelving location | Date acquired | Total Checkouts | Full call number | Barcode | Date last seen | Copy number | Price effective from | Koha item type |
|---|---|---|---|---|---|---|---|---|---|---|---|---|---|---|---|
| Dewey Decimal Classification | Virtual | Virtual | Online | 15/08/2011 | EBOOK | 153650-2001 | 06/08/2019 | 1 | 06/08/2019 | Book |